000 00981cam a22003137a 4500
003 CHAP
005 20220329140827.0
008 971013s1971 r 00010 d
010 _a58223
011 _a59195
035 _a63352
040 _cCHAP
082 _a664.92
_bP7 1971
100 0 0 _aPrice, James F.
_eed.
_991580
245 1 4 _aThe science of meat and meat products
250 _a2 ed.
260 _aSan Francisco :
_bFreeman,
_c1971
300 _a660 p.
_b: ilus. ; láms. ; gráfs.
490 2 _aA series of books in agriculture and animal science
590 _aBATCH-UPD
_b10
_c20130110
_lUCH01
_h0758
590 _aCONVERSION
_b10
_c20130109
_lUCH01
_h1331
650 1 4 _aCarne.
_919053
650 1 4 _aCarne
_xIndustria.
_919079
700 0 _aSchweigert, Bernard S.
_9103298
830 2 _aA series of books in agriculture and animal science
_990
901 _aBK
942 _cLIBRO
949 _a664.92 P7 1971
_bBC
_cLIBRO
_d-136057
_eLIBRO
_h33117
_i63352
_si
_t250.00
999 _c58223
_d58223